Detalles MARC
| 000 -ENCABEZADO |
| Número de control [NR] |
02963nam a2200337Ia 4500 |
| 008 - DE LONGITUD FIJA DE DATOS DE ELEMENTOS - INFORMACIÓN GENERAL |
| Elementos de longitud fija [NR] |
130821s2005 xxua gs spa |
| 040 ## - FUENTE DE CATALOGACION [NR] |
| Agencia de catalogación original [NR] |
Co-BoUCM |
| Idioma de catalogación [NR] |
spa |
| 041 00 - CODIGO DE IDIOMA [R] |
| Código de idioma para texto/pista de sonido o título separado [R] |
Español |
| 092 ## - SIGNATURA TOPOGRAFICA LOCAL |
| Número de clasificación local |
DVD 0549 |
| 245 03 - MENCION DE TITULO [NR] |
| Título [NR] |
Buenas noches, y buena suerte |
| Mención de responsabilidad, etc. [NR] |
[DVD] |
| -- |
[dirigida por] George Clooney |
| 246 13 - FORMA VARIANTE DEL TITULO [R] |
| Título propiamente dicho/forma breve del título [NR] |
Good night and good luck |
| 260 ## - PUBLICACION, DISTRIBUCION, ETC. (PIE DE IMPRENTA) [R] |
| Lugar de publicación, distribución, etc. [R] |
Washington D.C. (Estados Unidos) |
| Nombre del editor, distribuidor, etc. [R] |
Warner Independent Pictures ; 2929 Entertainment ; Participant Productions |
| Fecha de publicación, distribución, etc. [R] |
2005 |
| 300 ## - DESCRIPCION FISICA [R] |
| Extensión [R] |
1 DVD |
| Otros detalles físicos [NR] |
son., color |
| 500 ## - NOTA GENERAL [R] |
| Nota general [NR] |
SINOPSIS : "Buenas noches, y buena suerte" acontece durante los primeros tiempos del periodismo televisivo en EE.UU, en la década de los 50. Es la crónica del auténtico enfrentamiento entre Edward R. Murrow (David Strathairn), presentador de las noticias, y el senador Joseph McCarthy y el Comité de Actividades Antiamericanas. Con la firme voluntad de informar de los hechos e ilustrar a la audiencia, Murrow y su incondicional equipo capitaneado por su productor Fred Friendly (George Clooney) y Joe Wershba (Robert Downey Jr.) desde la sala de redacción de la CBS hacen frente a las presiones corporativas y de los patrocinadores para examinar las mentiras y las tácticas alarmistas perpetradas por McCarthy durante su "caza de brujas" comunista. Cuando el senador reacciona acusando al presentador de ser comunista, se erige una enorme indignación pública. En aquel clima de miedo y represión, el equipo de la CBS siguió adelante sin atender a ruegos. Su tenacidad finalmente valió la pena cuando el mismísimo McCarthy tuvo que presentarse ante el Senado y fue desposeído de poder una vez que sus mentiras y abusos quedaron por fin al descubierto. |
| 508 ## - NOTA DE CREDITOS DE CREACION/PRODUCCION [R] |
| Nota de créditos de creación/producción [NR] |
Dirección: George Clooney ; guión: George Clooney y Grant Heslov ; producción, Grant Heslov ; fotografía B/N, Robert Elswit ; montaje, Stephen Mirrione; diseño de producción, Jim Bissell. |
| 511 ## - NOTA DE PARTICIPANTE O INTERPRETE [R] |
| Nota de participante o intérprete [NR] |
David Strathairn (Edward R. Murrow), Robert Downey Jr. (Joe Wershba), Patricia Clarkson (Shirley Wershba), Ray Wise (Don Hollenbeck), Frank Langella (William Paley), Jeff Daniels (Sigfried "Sig" Mickelson), George Clooney (Fred Friendly), Tate Donovan (Jesse Zousmer), Tom McCarthy (Palmer Williams), Matt Ross (Eddie Scott). |
| 546 ## - NOTA DE IDIOMA [R] |
| Nota de idioma [NR] |
Audio en Inglés, Español y Catalán. Subtítulos en Inglés, Español Y Catalán. |
| 650 04 - ASIENTO SECUNDARIO DE MATERIA - TERMINO TEMATICO [R] |
| Término temático o nombre geográfico como elemento de entrada [NR] |
Entretenimiento |
| 9 (RLIN) |
26487 |
| 650 04 - ASIENTO SECUNDARIO DE MATERIA - TERMINO TEMATICO [R] |
| Término temático o nombre geográfico como elemento de entrada [NR] |
Películas cinematográficas |
| Subdivisión geográfica [R] |
Estados Unidos |
| Subdivisión de forma [R] |
DVD |
| 9 (RLIN) |
7903 |
| 650 04 - ASIENTO SECUNDARIO DE MATERIA - TERMINO TEMATICO [R] |
| Término temático o nombre geográfico como elemento de entrada [NR] |
Periodismo por televisión |
| Subdivisión de forma [R] |
DVD |
| 9 (RLIN) |
21357 |
| 650 04 - ASIENTO SECUNDARIO DE MATERIA - TERMINO TEMATICO [R] |
| Término temático o nombre geográfico como elemento de entrada [NR] |
Periodismo |
| 9 (RLIN) |
7909 |
| 650 04 - ASIENTO SECUNDARIO DE MATERIA - TERMINO TEMATICO [R] |
| Término temático o nombre geográfico como elemento de entrada [NR] |
Periodistas en el cine |
| Subdivisión de forma [R] |
DVD |
| 9 (RLIN) |
21369 |
| 650 04 - ASIENTO SECUNDARIO DE MATERIA - TERMINO TEMATICO [R] |
| Término temático o nombre geográfico como elemento de entrada [NR] |
Televisión y política |
| Subdivisión de forma [R] |
DVD |
| 9 (RLIN) |
25205 |
| 700 1# - ASIENTO SECUNDARIO - NOMBRE PERSONAL [R] |
| Nombre personal [NR] |
Clooney, George Timothy |
| Fechas asociadas con el nombre [NR] |
1961- |
| Término de relación [R] |
|
| 710 2# - ASIENTO SECUNDARIO - NOMBRE CORPORATIVO [R] |
| Nombre corporativo o de jurisdicción como elemento de entrada [NR] |
2929 Entertainment |
| 710 2# - ASIENTO SECUNDARIO - NOMBRE CORPORATIVO [R] |
| Nombre corporativo o de jurisdicción como elemento de entrada [NR] |
Participant Productions |
| 710 2# - ASIENTO SECUNDARIO - NOMBRE CORPORATIVO [R] |
| Nombre corporativo o de jurisdicción como elemento de entrada [NR] |
Warner Independent Pictures |
| 765 ## - ASIENTO DE IDIOMA ORIGINAL [R] |
| Título [NR] |
Good night and good luck |
| 856 04 - LOCALIZACION Y ACCESO ELECTRONICOS [R] |
| Identificador Uniforme del Recurso (“URI”) [R] |
<a href="http://www.youtube.com/watch?v=BXHyLGwLxIY">http://www.youtube.com/watch?v=BXHyLGwLxIY</a> |
| Nota dirigida al público [R] |
Siga este vínculo para ver el trailer. |
| 942 ## - ELEMENTOS DE ENTRADA AGREGADOS (KOHA) |
| Tipo de ítem principal el descrito en 300a |
Multimedia |
| Sistema de clasificación |
LOCAL |
| Tema principal |
Comunicación |
| Edición |
1 |